Mạng máy tính Giáo trình cao đẳng sư phạm
Giới thiệu các khái niệm cơ bản về mạng máy tính, các thành phần cơ bản của mạng, một số mô hình, các giao thức, quản trị mạng và tóm tắt về cách sử dụng hệ điều hành Windows 2000 Server trong quản trị mạng
Salvato in:
| Autore principale: | |
|---|---|
| Altri autori: | |
| Natura: | Libro |
| Lingua: | Vietnamese |
| Pubblicazione: |
H.
Đại học sư phạm
2005
|
| Soggetti: | |
| Tags: |
Aggiungi Tag
Nessun Tag, puoi essere il primo ad aggiungerne! !
|
| Thư viện lưu trữ: | Mạng thư viện Đại học Đà Nẵng |
|---|
| LEADER | 01560nam a2200361 4500 | ||
|---|---|---|---|
| 001 | 000009314 | ||
| 003 | 5510 | ||
| 005 | 20121022091009.0 | ||
| 008 | 111026s2005 viesd | ||
| 041 | 0 | |a vie | |
| 082 | |a 004.65 |b NG-H | ||
| 100 | 0 | |a Nguyễn Vũ Quốc Hưng |e Chủ biên | |
| 245 | 0 | |a Mạng máy tính |b Giáo trình cao đẳng sư phạm |c Nguyễn Vũ Quốc Hưng | |
| 260 | |a H. |b Đại học sư phạm |c 2005 | ||
| 300 | |a 226tr. |b Hình vẽ |c 24 cm | ||
| 500 | |a Đầu bìa sách ghi: Bộ Giáo dục và Đào tạo. Dự án Đào tạo Giáo viên THCS | ||
| 520 | |a Giới thiệu các khái niệm cơ bản về mạng máy tính, các thành phần cơ bản của mạng, một số mô hình, các giao thức, quản trị mạng và tóm tắt về cách sử dụng hệ điều hành Windows 2000 Server trong quản trị mạng | ||
| 653 | |a Tin học | ||
| 653 | |a Mạng máy tính | ||
| 653 | |a Mạng quốc tế | ||
| 700 | |a Nguyễn Vũ Quốc Hưng |e Tác giả | ||
| 700 | |a Nguyễn Thế Lộc |e Tác giả | ||
| 910 | |a Đỗ Phú Quý |d 26/10/2011 | ||
| OWN | |a LSP | ||
| AVA | |a UDN50 |b LSP |d 004.65 NG-H |e check_holdings |t Error 5003 Not defined in file expand_doc_bib_avail. |h N |k 1 | ||
| 999 | |a From the UDN01 | ||
| AVA | |a UDN50 |b LSP |d 004.65 NG-H |e available |t Error 5001 Not defined in file expand_doc_bib_avail. |f 40 |g 1 |h N |i 3 |k 1 | ||
| TYP | |a Monograph | ||
| TYP | |a Printed language | ||
| 980 | |a Mạng thư viện Đại học Đà Nẵng | ||